Welcome to CU Library Online Public Access Catalogue (OPAC)

Advertising Theory and Practice (Record no. 4595)

MARC details
000 -LEADER
fixed length control field 00615nam a22002057a 4500
005 - DATE AND TIME OF LATEST TRANSACTION
control field 20250308141642.0
008 - FIXED-LENGTH DATA ELEMENTS--GENERAL INFORMATION
fixed length control field 250308b |||||||| |||| 00| 0 eng d
020 ## - INTERNATIONAL STANDARD BOOK NUMBER
International Standard Book Number 8185386633
050 ## - LIBRARY OF CONGRESS CALL NUMBER
Classification number HF5821 SAN
100 ## - MAIN ENTRY--PERSONAL NAME
Personal name Sandage C. H.
245 ## - TITLE STATEMENT
Title Advertising Theory and Practice
Statement of responsibility, etc. C. H. Sandage, Vernon Fryburger and Kim Rotzoll
250 ## - EDITION STATEMENT
Edition statement 11th Ed.
260 ## - PUBLICATION, DISTRIBUTION, ETC.
Place of publication, distribution, etc. New Delhi
Name of publisher, distributor, etc. A.I.T.B.S Publishers & Distributors (Regd.)
Date of publication, distribution, etc. 2004
300 ## - PHYSICAL DESCRIPTION
Extent xv. 509p.
Other physical details ill.
Dimensions 22 cm
500 ## - GENERAL NOTE
General note Includes Index
650 ## - SUBJECT ADDED ENTRY--TOPICAL TERM
Source of heading or term Advertising
700 ## - ADDED ENTRY--PERSONAL NAME
Personal name Fryburger Vernon
700 ## - ADDED ENTRY--PERSONAL NAME
Personal name Rotzoll Kim
942 ## - ADDED ENTRY ELEMENTS (KOHA)
Source of classification or shelving scheme Library of Congress Classification
Koha item type Books
Edition 11th Ed.
Suppress in OPAC No
999 ## -
-- 4595
-- 4595
Holdings
Withdrawn status Lost status Source of classification or shelving scheme Damaged status Not for loan Collection Home library Current library Shelving location Date acquired Total checkouts Full call number Barcode Date last seen Copy number Price effective from Koha item type
    Library of Congress Classification     Non-fiction Business Library (Miotso) Business Library (Miotso) General stacks 03/08/2025   HF5821 SAN BSSM00001257 03/08/2025 1 03/08/2025 Books
    Library of Congress Classification     Non-fiction Business Library (Miotso) Business Library (Miotso) General stacks 03/08/2025   HF5821 SAN BSSM00001258 03/08/2025 2 03/08/2025 Books
    Library of Congress Classification     Non-fiction Business Library (Miotso) Business Library (Miotso) General stacks 03/08/2025   HF5821 SAN BSSM00001259 03/08/2025 3 03/08/2025 Books
© 2023-2024 Copyright: Central University Libraries. All Rights Reserved | Created by: Mahone Tech Office